A kulturális turizmus fejlődése Budapest és Bécs múzeumainak és új generációs attrakcióinak tükrében
| Szerző: | |
|---|---|
| További közreműködők: | |
| Dokumentumtípus: | Diplomadolgozat |
| Kulcsszavak: | adatgyűjtés kulturális turizmus kultúra múzeumok új generációs attrakciók |
| Online Access: | http://dolgozattar.uni-bge.hu/59566 |
MARC
| LEADER | 00000nta a2200000 i 4500 | ||
|---|---|---|---|
| 001 | dolg59566 | ||
| 005 | 20260409145235.0 | ||
| 008 | 260409suuuu hu om 000 hun d | ||
| 040 | |a BGE Dolgozattár Repozitórium |b hun | ||
| 041 | |a hu | ||
| 100 | 1 | |a Varga Hanna | |
| 245 | 1 | 2 | |a A kulturális turizmus fejlődése Budapest és Bécs múzeumainak és új generációs attrakcióinak tükrében |c Varga Hanna |h [elektronikus dokumentum] |
| 520 | 3 | |a A szakdolgozat célja a kulturális turizmus fejlődésének vizsgálata Budapest és Bécs példáján keresztül, különös tekintettel a „hagyományos” múzeumokra és az új generációs, élményalapú kulturális attrakciókra. A dolgozat elemzi a két város múzeumkínálatát, összehasonlítja azok interaktivitását, látogatottsági adatait és technológiai fejlesztéseit. A kutatás kérdőíves adatgyűjtéssel történt, mely a múzeumlátogatási szokásokat és a látogatók attitűdjét vizsgálta az új élményformákkal szemben. Az eredmények alapján a budapesti múzeumok dinamikusabban alkalmazkodnak az interaktív trendekhez, míg Bécs erősebben támaszkodik a hagyományos kulturális értékeire. A dolgozat javaslatokat is megfogalmaz a kulturális intézmények versenyképességének növelésére. | |
| 695 | |a adatgyűjtés | ||
| 695 | |a kulturális turizmus | ||
| 695 | |a kultúra | ||
| 695 | |a múzeumok | ||
| 695 | |a új generációs attrakciók | ||
| 700 | 1 | |a Szeidl Dr. Klaudia |e ths | |
| 856 | 4 | 0 | |u http://dolgozattar.uni-bge.hu/59566/1/Varga%20Hanna-GKQGK1-Szakdolgozat.pdf |z Dokumentum-elérés |
| 856 | 4 | 0 | |u http://dolgozattar.uni-bge.hu/59566/2/varga_hanna_opponens_nagy_gabriella.pdf |z Dokumentum-elérés |
| 856 | 4 | 0 | |u http://dolgozattar.uni-bge.hu/59566/3/varga_hanna_konzulens_szeidl.pdf |z Dokumentum-elérés |